000 00304nam a2200133Ia 4500
100 _aMagrab/Edward B
942 _cBK
654 _aengineering
245 _aIntegrated Product and process design and development
260 _bCRC
_aNONE
_c1997
300 _a306
546 _aENGLISH
999 _c21283
_d21283